000 00627nam a2200241Ia 4500
003 OSt
005 20220918215903.0
006 a|||||r|||| 00| 0
007 ta
008 220917b |||||||| |||| 00| 0 eng d
024 _a143,215
037 _cTextual
040 _aARTS
_cARTS
_beng
041 _2eng
_aeng
082 _aY131:1:7, K0
100 _aSapkal M.S.
_9135712
245 0 _aVillage level worker ed by S.S.Iyer.
260 _aNA
_bNA
_c1960
490 _aStudies in social work,; 12
650 _aSOCIOLOGY
942 _hY131:1:7, K0
_cTEXL
_2CC
999 _c266168
_d266168